=LDR 00000nam 2200000 4500 =001 INLIS000000000000817 =005 20130612085237 =008 ***********************************Ind** =035 ##$$0010-061300000000817 =041 ##$$a Ind =082 ##$$a 92(Cokrohadisuryo) =090 ##$$a 92(Cokrohadisuryo), Nal-i =100 ##$$a Nalenan, Ruber =245 ##$$a Ishaq Tjokrohadisuryo, alumni desa bersemangat banteng, Ruber Nalenan =260 ##$$a 1982 $b Jakarta =300 ##$$a xiii, 207 hlm, ilus, 21 cm =650 ##$$a Cokrohadisuryo, Ishaq, 1896 =850 ##$$a NBPNMAT